000 00334nam a2200133Ia 4500
005 20251222143253.0
008 251222s9999||||xx |||||||||||||| ||spa||
082 _a247/A61
100 _aAngles Vargas, Víctor
245 0 _aLa Basílica Catedral del Cuzco
250 _a1ra. ed.
264 _bIndustrial Gráfica S.A.
942 _cLIB
999 _c15041
_d15041